ASTUDY OF VERSATILITY OF MYOMUCOSAL (Record no. 20577)

MARC details
000 -LEADER
fixed length control field 00297nam a22001337a 4500
003 - CONTROL NUMBER IDENTIFIER
control field SGT
082 ## - DEWEY DECIMAL CLASSIFICATION NUMBER
Classification number 617.525
Item number A17B
100 ## - MAIN ENTRY--PERSONAL NAME
Personal name BHATI, GAURAV
245 ## - TITLE STATEMENT
Title ASTUDY OF VERSATILITY OF MYOMUCOSAL
260 ## - PUBLICATION, DISTRIBUTION, ETC. (IMPRINT)
Place of publication, distribution, etc SGTU
Year of Publication 2017
300 ## - PAGE DESCRIPTION
No. of Pages 56
650 ## - SUBJECT ADDED ENTRY--TOPICAL TERM
Topical term or geographic name as entry element OREL MAXILOFACIAL SURGERY
942 ## - ADDED ENTRY ELEMENTS (KOHA)
Source of classification or shelving scheme Dewey Decimal Classification
Koha item type Thesis/Dissertation
Holdings
Withdrawn status Lost status Source of classification or shelving scheme Damaged status Not for loan Collection code Home library Current library Shelving location Date acquired Total Checkouts Full call number Accession No. (Barcode) Date last seen Bill Date Koha item type
    Dewey Decimal Classification   Not For Loan MEDICAL SGT Medical Library SGT Medical Library Reference Book 08/10/2020   617.525 A17B DT751 08/10/2020 08/10/2020 Thesis/Dissertation
    Dewey Decimal Classification   Not For Loan MEDICAL SGT Medical Library SGT Medical Library Reference Book 08/10/2020   617.525 A17B DT752 08/10/2020 08/10/2020 Thesis/Dissertation